|
|
|
|
| LEADER |
00838nam a22002537a 4500 |
| 001 |
4037 |
| 003 |
BD-DhAAL |
| 005 |
20151222180005.0 |
| 008 |
151222s 1997nau||||| b||| 001 0 eng d |
| 020 |
|
|
|a 0859697649
|
| 040 |
|
|
|a BD-DhAAL
|c BD-DhAAL
|
| 082 |
|
|
|a 370.15
|
| 100 |
|
|
|a Coren, Alex.
|9 16917
|
| 245 |
|
|
|a A psychodynamic approach to education /
|c Alex Coren
|
| 260 |
|
|
|a London :
|b Sheldon,
|c 1997
|
| 300 |
|
|
|a ix, 176 p. ;
|c 22 cm.
|
| 504 |
|
|
|6 Includes bibliography (p. 170-172) and index.
|
| 541 |
|
|
|e 4037
|
| 650 |
|
|
|a Educational psychology.
|9 16918
|
| 650 |
|
|
|a Erziehung.
|9 16919
|
| 650 |
|
|
|a Psychodynamik.
|9 16920
|
| 942 |
|
|
|2 ddc
|c BK
|
| 999 |
|
|
|c 36434
|d 36434
|
| 952 |
|
|
|0 0
|1 0
|2 ddc
|4 0
|6 370_150000000000000_COR
|7 0
|9 57336
|a SCL
|b SCL
|c GEN
|d 2015-12-22
|g 195.00
|l 1
|o 370.15 COR
|p 3020004037
|r 2022-04-11
|s 2022-03-16
|t 1
|w 2015-12-22
|y BK
|